Comercialización de los productos de artesanía (Registro nro. 7260)

Detalles MARC
000 -CABECERA
Campo de control interno 01648nam a2200229Ia 4500
008 - ELEMENTOS DE LONGITUD FIJA - INFORMACIÓN GENERAL
Campo de control de longitud fija 260220t1971||||xx |||||||||||||| ||spa||
040 ## - FUENTE DE CATALOGACIÓN
Agencia de catalogación original PY-SlUNAC
Idioma de catalogación spa
Convenciones de descripción rda
041 ## - CÓDIGO DE IDIOMA
Código de idioma para texto/pista de sonido o título separado spa
082 ## - NÚMERO DE CLASIFICACIÓN DECIMAL DEWEY
Clasificación Decimal Dewey (CDD) 380.145 745 5
Clasificación Expansiva de Cutter (EC) C333c
245 #0 - TÍTULO
Título Comercialización de los productos de artesanía
264 ## - PIE DE IMPRENTA
Lugar Ginebra :
Editorial CCI,
Año ℗1971.
300 ## - DESCRIPCIÓN FÍSICA
Páginas 1 volumen
520 ## - NOTA DE RESUMEN
Nota de resumen El libro "Comercialización de los productos de artesanía" publicado por la Conferencia de las Naciones Unidas sobre Comercio y Desarrollo (CCI) en 1971, aborda las estrategias y prácticas necesarias para mejorar la comercialización de productos artesanales a nivel global. A través de un análisis exhaustivo, se destacan los desafíos que enfrentan los artesanos, como la falta de acceso a mercados, la competencia de productos industriales y la necesidad de adaptar sus creaciones a las demandas del consumidor. El texto propone una serie de recomendaciones para fortalecer la posición de los artesanos, tales como la mejora de la calidad del producto, la creación de redes de distribución y la promoción de la identidad cultural a través de la artesanía. Además, se enfatiza la importancia de la capacitación y el apoyo institucional para facilitar el desarrollo sostenible de este sector. En conjunto, el libro es un recurso valioso que busca empoderar a los artesanos y fomentar un comercio justo y equitativo.
653 ## - MATERIA - TÉRMINO TEMÁTICO NO CONTROLADO (PALABRAS CLAVE)
Materia - término temático no controlado (palabras clave) Artesanía
653 ## - MATERIA - TÉRMINO TEMÁTICO NO CONTROLADO (PALABRAS CLAVE)
Materia - término temático no controlado (palabras clave) Comercio
653 ## - MATERIA - TÉRMINO TEMÁTICO NO CONTROLADO (PALABRAS CLAVE)
Materia - término temático no controlado (palabras clave) Desarrollo económico
942 ## - ELEMENTOS PERSONALIZADOS (KOHA)
Fecha catalogación 2026/02/17
Tipo de documento Libros
Existencias
Fuente de Clasificacion Colección Ubicacion permanente Biblioteca actual Fecha de Ingreso a la Biblioteca Origen de adquisición Código de ubicación Código de barras Tipo de Item KOHA Nota pública
Dewey Decimal Classification Colección General (CG) Biblioteca e Internet, Facultad de Ciencias Exactas y Naturales Biblioteca e Internet, Facultad de Ciencias Exactas y Naturales 02/20/2026 Donación 380.1457455 C333c CG620 Libros Material disponible en la Biblioteca e Intenet, Campus UNA, San Lorenzo.